[Event "avenger richfeet lol"]
[Site "http://www.queenalice.com/game.php?id=637830"]
[Date "2009.8.17"]
[Round "-"]
[White "richfeet"]
[Black "MarcioDiasRamos"]
[Result "0-1"]
[WhiteElo "1259"]
[BlackElo "1805"]

1. e4 c5 2. d3 e6 3. Bd2 Nc6 4. c3 Nf6 5. Nf3 Qb6 6. b3 Be7 7. Na3 d5 8. e5 Ng4
9. h3 Ngxe5 10. Bf4 Ng6 11. Qd2 O-O 12. Bh6 gxh6 13. Qxh6 Nce5 14. Nxe5 Nxe5 15.
f4 Ng6 16. O-O-O c4 17. dxc4 Bxa3+ 18. Kb1 Qf2 19. cxd5 Qb2# 0-1

[Event "Challenge"]
[Site "http://www.queenalice.com/game.php?id=642081"]
[Date "2009.8.25"]
[Round "-"]
[White "pipa"]
[Black "MarcioDiasRamos"]
[Result "0-1"]
[WhiteElo "1791"]
[BlackElo "1788"]

1. e4 c5 2. c4 e5 3. Nf3 Nc6 4. Nc3 Nf6 5. d3 Be7 6. a3 O-O 7. Be2 a6 8. Nd5 b5
9. Nxf6+ Bxf6 10. Bg5 Bxg5 11. Nxg5 Qxg5 12. O-O Nd4 13. b4 d6 14. cxb5 axb5 15.
bxc5 Bh3 16. Bf3 f5 17. Kh1 Nxf3 18. gxh3 fxe4 19. Rg1 Nxg1 20. Qb3+ Kh8 21.
Rxg1 Qf5 22. Qb2 Qf3+ 23. Rg2 Rf5 24. h4 dxc5 25. dxe4 Qxe4 26. Qxb5 Rd8 27. Qf1
Rd2 28. Kg1 Qd4 29. Rxg7 Rfxf2 30. Rxh7+ Kxh7 31. Qb1+ Kg7 32. Qb7+ Qd7 33.
Qxd7+ Rxd7 34. Kxf2 c4 35. Kg3 c3 36. h5 c2 37. Kg4 c1=Q 38. h3 Qf4# 0-1

[Event "Let's Play Chess!"]
[Site "http://www.queenalice.com/game.php?id=661841"]
[Date "2009.10.3"]
[Round "-"]
[White "Abstro"]
[Black "MarcioDiasRamos"]
[Result "1-0"]
[WhiteElo "1931"]
[BlackElo "1794"]

1. h4 d5 2. d4 Nc6 3. e3 Nf6 4. Nc3 Bf5 5. Bd3 Be6 6. Nge2 Nb4 7. a3 Nxd3+ 8.
Qxd3 Bf5 9. Qxf5 g6 10. Qf3 e6 11. O-O Bg7 12. Rd1 c6 13. e4 dxe4 14. Nxe4 Nxe4
15. Qxe4 O-O 16. Bf4 Qxh4 17. c4 Rfe8 18. Qc2 Rad8 19. c5 Rd5 20. b4 Rh5 21. Kf1
Rf5 22. Qd2 e5 23. Qe3 g5 24. Bg3 Qh5 25. Ra2 Rd8 26. Rad2 exd4 27. Nxd4 Bxd4
28. Rxd4 Rfd5 29. Be5 g4 30. Bf6 Rxd4 31. Rxd4 Rc8 32. g3 Qg6 33. Rd8+ 1-0

[Event "Let's Play Chess!"]
[Site "http://www.queenalice.com/game.php?id=671629"]
[Date "2009.10.23"]
[Round "-"]
[White "MarcioDiasRamos"]
[Black "rubensar"]
[Result "1-0"]
[WhiteElo "1785"]
[BlackElo "1929"]

1. e4 e5 2. Bc4 Nf6 3. Nc3 Be7 4. Nf3 d6 5. d4 exd4 6. Qxd4 Nc6 7. Qd2 O-O 8.
O-O Bg4 9. Ng5 h6 10. Nxf7 Rxf7 11. Bxf7+ Kxf7 12. Nd5 Be6 13. Nxf6 Bxf6 14. c3
Kg8 15. Qc2 Be5 16. f4 Bf6 17. Be3 Bc4 18. Rf3 Be6 19. f5 Bf7 20. Rg3 Be5 21.
Rh3 Na5 22. b3 b6 23. Rf1 Qf6 24. c4 Nc6 25. g4 1-0

[Event "Challenge"]
[Site "http://www.queenalice.com/game.php?id=680369"]
[Date "2009.11.9"]
[Round "-"]
[White "MarcioDiasRamos"]
[Black "beejay"]
[Result "0-1"]
[WhiteElo "1803"]
[BlackElo "1726"]

1. e4 e5 2. Bb5 Nf6 3. Nc3 a6 4. Bc4 b5 5. Bb3 c5 6. a3 c4 7. Ba2 Qb6 8. f3 Bc5
9. Qe2 Bxg1 10. d3 Bd4 11. Bd2 b4 12. Na4 Qc6 13. c3 Qxa4 14. cxd4 exd4 15. Bxc4
bxa3 16. bxa3 O-O 17. O-O Nc6 18. Bg5 d5 19. exd5 Re8 20. Qf2 Ne5 21. Qg3 Nh5
22. Qf2 Rb8 23. Qxd4 Qc2 24. f4 Ng4 25. Rac1 Qd2 26. h4 Ng3 27. Rcd1 Rb1 28.
Rxb1 Ne2+ 0-1

[Event "Let's Play Chess!"]
[Site "http://www.queenalice.com/game.php?id=681494"]
[Date "2009.11.12"]
[Round "-"]
[White "MarcioDiasRamos"]
[Black "BobySponja"]
[Result "1-0"]
[WhiteElo "1784"]
[BlackElo "1710"]

1. e4 e5 2. Nf3 Nf6 3. Nc3 d6 4. Bc4 Be7 5. O-O Nc6 6. Bb5 a6 7. Bxc6+ bxc6 8.
d4 exd4 9. Qxd4 c5 10. Qd1 Bb7 11. Bf4 Nxe4 12. Nxe4 Bxe4 13. Re1 d5 14. c4 c6
15. Ne5 Kf8 16. Nxc6 Qd7 17. Ne5 Qf5 18. g3 d4 19. f3 Bb7 20. Qe2 Re8 21. Bd2 h5
22. g4 hxg4 23. fxg4 Qe6 24. b3 Bd6 25. Bf4 Bxe5 26. Bxe5 Qc6 27. Bd6+ Kg8 28.
Qxe8+ Kh7 29. Qxc6 Bxc6 30. Bxc5 Rd8 31. Rad1 d3 32. Re7 Bf3 33. Rd2 Bxg4 34.
Rxf7 Be2 35. Be7 Rd4 36. h3 Re4 37. Kf2 Re5 38. c5 Kg6 39. Rf4 Rxe7 40. c6 Rc7
41. Rc4 Kf7 42. a4 Ke7 43. b4 Kd6 44. b5 axb5 45. axb5 1-0

[Event "Let's Play Chess!"]
[Site "http://www.queenalice.com/game.php?id=681520"]
[Date "2009.11.12"]
[Round "-"]
[White "MarcioDiasRamos"]
[Black "utilizator33"]
[Result "1-0"]
[WhiteElo "1810"]
[BlackElo "1632"]

1. e4 e5 2. Nf3 d6 3. Nc3 h6 4. d4 Nd7 5. d5 Ngf6 6. Be3 Be7 7. Bc4 O-O 8. O-O
a6 9. b4 b5 10. Be2 Ng4 11. Bd2 Bg5 12. Nxg5 hxg5 13. Bxg4 f6 14. Be6+ Rf7 15.
Qh5 Qf8 16. Rae1 Nb6 17. Bxf7+ Qxf7 18. Qe2 Nc4 19. Bc1 Qg6 20. Nd1 f5 21. exf5
Bxf5 22. Ne3 Nxe3 23. Bxe3 Bxc2 24. Qg4 Be4 25. Rc1 Bf5 26. Qg3 g4 27. Rxc7 Be4
28. Rd7 Bxd5 29. h3 Bxa2 30. Rd1 Bb3 31. Rd2 Bc4 32. R7xd6 Qb1+ 33. Rd1 Qe4 34.
hxg4 a5 35. bxa5 Rxa5 36. Rd8+ Kf7 37. Qh4 1-0

[Event "Let's Play Chess!"]
[Site "http://www.queenalice.com/game.php?id=687348"]
[Date "2009.11.24"]
[Round "-"]
[White "RafaelCabral"]
[Black "MarcioDiasRamos"]
[Result "1-0"]
[WhiteElo "2116"]
[BlackElo "1819"]

1. d4 e6 2. e4 d5 3. e5 c5 4. c3 c4 5. Qg4 Nc6 6. Nf3 b5 7. Bg5 Nge7 8. Na3 a6
9. Nc2 h6 10. Bh4 Qd7 11. Ne3 Ng6 12. Be2 Be7 13. Bxe7 Ncxe7 14. O-O Qc7 15. a4
bxa4 16. Rxa4 Rb8 17. Ra2 O-O 18. h4 Nf5 19. h5 Nge7 20. Bd1 Nxe3 21. fxe3 Nf5
22. Qf4 Rb6 23. g4 Ne7 24. g5 hxg5 25. Nxg5 Nf5 26. e4 1-0

[Event "Let's Play Chess!"]
[Site "http://www.queenalice.com/game.php?id=691967"]
[Date "2009.12.3"]
[Round "-"]
[White "MarcioDiasRamos"]
[Black "Conde7"]
[Result "0-1"]
[WhiteElo "1799"]
[BlackElo "2738"]

1. e4 c5 2. Nc3 e6 3. Nf3 a6 4. d4 cxd4 5. Qxd4 Nc6 6. Qd1 Nf6 7. Be2 Qc7 8. O-O
Bc5 9. g3 O-O 10. Bf4 d6 11. Na4 e5 12. Be3 Bxe3 13. fxe3 Bh3 14. Re1 Nxe4 15.
Bd3 Nf6 16. Ng5 Bg4 17. Qd2 d5 18. e4 d4 19. h3 Bd7 20. Nc5 h6 21. Nxd7 Qxd7 22.
g4 hxg5 23. Qxg5 Qe7 24. Rf1 Nd5 25. Qd2 Nf4 26. Rf3 Rac8 27. Re1 Nb4 28. a3
Nbxd3 29. cxd3 Qh4 30. Kh2 Rc6 0-1

[Event "Let's Play Chess!"]
[Site "http://www.queenalice.com/game.php?id=692073"]
[Date "2009.12.3"]
[Round "-"]
[White "rubensar"]
[Black "MarcioDiasRamos"]
[Result "1-0"]
[WhiteElo "2065"]
[BlackElo "1805"]

1. c4 e5 2. Nc3 Nf6 3. e3 Bc5 4. Nf3 e4 5. Ng5 d5 6. cxd5 Bf5 7. d3 Bg4 8. Qb3
b6 9. Ngxe4 O-O 10. Nxc5 bxc5 11. Qa3 Nbd7 12. f3 Bh5 13. e4 Ne5 14. Qxc5 Re8
15. Be2 Nfd7 16. Qe3 Qh4+ 17. Qf2 Qe7 18. d4 Bxf3 19. gxf3 Ng6 20. Be3 Rab8 21.
O-O-O Qb4 22. Bd3 Nh4 23. Bb5 Nf5 24. a3 Qb3 25. Ba4 Qb6 26. Bf4 Nd6 27. Bxd7
Re7 28. Bc6 Nc4 29. Rdg1 Nxb2 30. Rxg7+ Kxg7 31. Qg3+ 1-0

[Event "Challenge"]
[Site "http://www.queenalice.com/game.php?id=761917"]
[Date "2010.4.16"]
[Round "-"]
[White "argusvia"]
[Black "MarcioDiasRamos"]
[Result "1-0"]
[WhiteElo "1584"]
[BlackElo "1798"]

1. e4 c5 2. Nf3 d6 3. Bc4 e6 4. d4 Nd7 5. Nc3 Be7 6. Bb3 a6 7. a3 Ngf6 8. O-O
O-O 9. Re1 cxd4 10. Nxd4 e5 11. Nf5 Nc5 12. Ba2 Ncxe4 13. Nxe7+ Qxe7 14. Nxe4
Bf5 15. Nxf6+ Qxf6 16. Bd5 Rac8 17. c3 b5 18. Bb7 Rc4 19. Bxa6 Rg4 20. f3 Rg6
21. Bxb5 Bh3 22. Bf1 e4 23. Rxe4 Qf5 24. Qe2 Qc5+ 25. Be3 Qc8 26. Kh1 Bf5 27.
Re7 Qd8 28. Bf4 Be6 29. Rb7 d5 30. Rd1 Qc8 31. Qb5 Qd8 32. Rb8 1-0

[Event "xadrez X Alzheimer"]
[Site "http://www.queenalice.com/game.php?id=790651"]
[Date "2010.6.16"]
[Round "-"]
[White "zemaria"]
[Black "MarcioDiasRamos"]
[Result "1-0"]
[WhiteElo "1713"]
[BlackElo "1798"]

1. d4 Nf6 2. Nc3 e6 3. e4 d6 4. Nf3 Be7 5. Be2 Nc6 6. Be3 a6 7. Qd2 b5 8. Bd3
Bb7 9. a3 e5 10. d5 Na5 11. b4 Nc4 12. Bxc4 bxc4 13. O-O O-O 14. Qe2 Nh5 15.
Qxc4 Nf6 16. Qd3 1-0

[Event "M16A4"]
[Site "http://www.queenalice.com/game.php?id=794673"]
[Date "2010.6.25"]
[Round "-"]
[White "positionalgenius"]
[Black "MarcioDiasRamos"]
[Result "1-0"]
[WhiteElo "1857"]
[BlackElo "1768"]

1. e4 c5 2. Nf3 e6 3. d4 Nc6 4. c3 Nf6 5. Bg5 Be7 6. Bb5 a6 7. Bxc6 bxc6 8. Bxf6
Bxf6 9. e5 Be7 10. Nbd2 cxd4 11. cxd4 Bb4 12. O-O Bb7 13. a3 1-0